| 000 | 01425nam a22002777a 4500 | ||
|---|---|---|---|
| 001 | 0000123894 | ||
| 003 | DO-SdBNP | ||
| 005 | 20180307131900.0 | ||
| 007 | 0000123894 | ||
| 008 | 160429b 2014 dr xxu||||| |||| 00| 0 spa d | ||
| 020 | _a9789945495577 | ||
| 040 |
_aBPMSU _bspa _cBPMSU |
||
| 092 |
_axxxxx _bxxxxx |
||
| 245 | 0 | 0 |
_aEducación artística 2 : _beducación media / _cproducción editorial ; María del Jesús de la Rosa ; presentación Carlos Amarante Baret. |
| 260 |
_aSanto Domingo : _bMinisterio de Educación: _bActualidad Escolar 2000, _c2014. |
||
| 300 |
_a192 p. : _bil., retrs. ; _c27 cm. |
||
| 500 | _aPrimer grado primer ciclo | ||
| 500 | _aEste libro ha sido realizado de acuerdo al currículum vigente y ha sido sometido a la evaluación y aprobación del MINERD (Ministerio de Educación República Dominicana) | ||
| 504 | _aBibliografía : p. 192 | ||
| 505 |
_gUnidad 1 -- _tArte en Mesopotamia y Grecia -- _tEl arte en Mesopotamia -- _tArte en la antigua Grecia -- _gUnidad 2 -- _tCampo visual -- _gUnidad 3 -- _tEl calor y la textura -- _tEl calor -- _tEl volumen -- _gUnidad 4 -- _tLa forma -- _gUnidad 5 -- _tLa composición -- _gUnidad 6 -- _tDiseño gráfico o bidimensional -- |
||
| 700 | 1 | 2 |
_aRosa, María del Jesús de la, _eed. |
| 700 | 1 | 2 |
_aAmarante Baret, Carlos, _eprest. |
| 942 |
_2ddc _cBK |
||
| 945 | _aRemanejado para la BNPHU / 2018 VM | ||
| 956 |
_2LOPEREZ _310 _620160519 _8BPMSU _a00041 |
||
| 999 |
_c9970 _d9970 |
||